000 02095nam2a2200337 4500
001 RU\NLR\BIBL_A\012497669
005 20210426161814.0
010 _a978-5-91681-041-7
_bт. 13-14
_9500
021 _aRU
_bКН-П-20-079074
_9КН-П-20-5992
035 _a(NLR Aleph) 012497669
090 _a12212932
_c12212932
100 _a20210407d2020 k y0rusy50 ca
101 1 _arus
_cger
102 _aRU
105 _aa|||z|||000zy
200 1 _a[Статьи по метапсихологии
_dArtikel zur Metapsychologie
_fпер. с нем. Андрея Боковикова]
_zger
210 _d2020
215 _a382, [2] с.
_cил.
225 1 _aРоссийско-австрийский проект
300 _aНа обороте тит. с. в макете загл. томов: Т. 13. Статьи по метапсихологии. Т. 14. Статьи по метапсихологии 2
320 _aБиблиогр. в подстроч. примеч. и в тексте
461 0 _1001RU\NLR\bibl\844105
_12001#$aСобрание сочинений$eв 26 томах$fЗигмунд Фрейд$g[пер. с нем. С. Панкова$gнауч. ред. М. Решетникова и В. Мазина$gкоммент. С. Панкова и В. Мазина]$vТ. 13$vТ. 14
_1700#1$3RU\NLR\auth\772621$aФрейд$bЗ.$f1856-1939$gЗигмунд$4070
_91372067
_aФрейд, З. (1856-1939)
_cСанкт-Петербург
_d2005
_fЗигмунд Фрейд
_nВосточно-европейский институт психоанализа
_oв 26 томах
_tСобрание сочинений
_vТ. 13$vТ. 14
510 1 _6z11790
_aArtikel zur Metapsychologie
_zger
512 1 _6z11790
_aСтатьи по метапсихологии
517 1 _aСтатьи по метапсихологии 2
790 1 _7ca
_8rus
_aФрейд
_bЗ.
_f1856-1939
_gЗигмунд
_9112631
_3RU\NLR\AUTH\772621
790 1 _7ba
_8ger
_aFreud
_bS.
_f1856-1939
_gSigmund
_9112632
_3RU\NLR\AUTH\772622
942 _cBOOK
980 _aNB